000 00561nam a2200193Ia 4500
003 GCL
008 140319s9999 xx 000 0 ara d
040 _aGCL /
_cGCL
082 0 4 _a801
_bل ن
100 1 _aلويس عوض
245 1 0 _aنصوص النقد الادبى اليونانى /
_cلويس عوض
260 _a[S.N] :
_bالهيئة المصرية العامة للكتاب ،
_c1989
300 _a504 ص
490 _a
650 0 4 _aالادب
650 0 4 _aاليونان
650 0 4 _aالادباء اليونانيون
942 _2ddc
_cBK
999 _c30032
_d30032